Štátne chápadlá vo vašom živote

Majetkové a príjmové nerovnosti vo svete neustále rastú. Predstavujú jedno z najväčších nielen ekonomických, ale aj sociálnych rizík v budúcich rokoch. Predovšetkým kapitalizmus a voľný trh sú vinené za tento vývoj. V skutočnosti za to môžu predovšetkým kroky politikov, regulácie a štátne zásahy. Sn...

Full description

Saved in:
Bibliographic Details
Main Author: Pánis, Stanislav
Format: Book Chapter
Language:Slovak
Subjects:
Tags: Add Tag
No Tags, Be the first to tag this record!

MARC

LEADER 00000naa a2200000 4500
001 0241371
005 20180322070522.5
041 0 |a slo 
044 |a SK 
245 1 0 |a Štátne chápadlá vo vašom živote  |c Stanislav Pánis 
520 |a Majetkové a príjmové nerovnosti vo svete neustále rastú. Predstavujú jedno z najväčších nielen ekonomických, ale aj sociálnych rizík v budúcich rokoch. Predovšetkým kapitalizmus a voľný trh sú vinené za tento vývoj. V skutočnosti za to môžu predovšetkým kroky politikov, regulácie a štátne zásahy. Snaha o zníženie príjmových nerovností cez viac prerozdeľovania je deštruktívna. 
610 2 0 |a nerovnosť príjmová 
610 2 0 |a nerovnováha trhová 
610 2 0 |a kapitalizmus 
610 2 0 |a regulácia štátna 
610 2 0 |a politika 
610 2 0 |a politika hospodárska 
100 1 |a Pánis, Stanislav